[Event "HUN-chT2 Erkel 1314"]
[Site "Hungary"]
[Date "2014.04.27"]
[Round "11.5"]
[White "Gara, Gyorgy"]
[Black "Repasi, Zoltan"]
[Result "1/2-1/2"]
[WhiteElo "2132"]
[BlackElo "2163"]
[PlyCount "58"]
[EventDate "2013.09.08"]
[EventType "team-tourn"]
[EventRounds "11"]
[EventCountry "HUN"]
[SourceTitle "EXT 2016"]
[Source "ChessBase"]
[SourceDate "2015.10.08"]
[SourceVersion "1"]
[SourceVersionDate "2015.10.08"]
[SourceQuality "1"]
[WhiteTeam "Gyongyos Matra"]
[BlackTeam "Dunaharaszti II"]
[WhiteTeamCountry "HUN"]
[BlackTeamCountry "HUN"]

1. d4 Nf6 2. Bg5 e6 3. e4 h6 4. Bxf6 Qxf6 5. c3 d6 6. Bd3 Nd7 7. Ne2 e5 8. 0-0 g5 9. Nd2 Bg7 10. Nc4 Nf8 11. d5 Ng6 12. Ne3 0-0 13. Ng3 Qd8 14. Ngf5 Ne7 15. Qh5 Nxf5 16. exf5 f6 17. Be4 Qe8 18. Qe2 Bd7 19. Rad1 b6 20. g3 Kf7 21. Bf3 Qc8 22. Bh5+ Ke7 23. Bg6 a5 24. Rfe1 Rh8 25. Qh5 Qf8 26. Rd2 Kd8 27. Nc2 Kc8 28. b3 Kb7 29. c4 Be8 1/2-1/2

[Event "HUN-chT2 Erkel 1314"]
[Site "Hungary"]
[Date "2014.04.13"]
[Round "10.5"]
[White "Repasi, Zoltan"]
[Black "Eberth, Zoltan"]
[Result "1/2-1/2"]
[WhiteElo "2163"]
[BlackElo "2166"]
[PlyCount "22"]
[EventDate "2013.09.08"]
[EventType "team-tourn"]
[EventRounds "11"]
[EventCountry "HUN"]
[SourceTitle "EXT 2016"]
[Source "ChessBase"]
[SourceDate "2015.10.08"]
[SourceVersion "1"]
[SourceVersionDate "2015.10.08"]
[SourceQuality "1"]
[WhiteTeam "Dunaharaszti II"]
[BlackTeam "Mezokovesd"]
[WhiteTeamCountry "HUN"]
[BlackTeamCountry "HUN"]

1. d4 d5 2. c4 e6 3. Nc3 Nf6 4. Nf3 c6 5. Bg5 Be7 6. e3 Nbd7 7. cxd5 exd5 8. Qc2 h6 9. Bh4 0-0 10. Bd3 Re8 11. 0-0 Nf8 1/2-1/2

[Event "HUN-chT2 Erkel 1314"]
[Site "Hungary"]
[Date "2014.03.23"]
[Round "9.5"]
[White "Nagy, Ervin"]
[Black "Repasi, Zoltan"]
[Result "1-0"]
[WhiteElo "2282"]
[BlackElo "2163"]
[PlyCount "181"]
[EventDate "2013.09.08"]
[EventType "team-tourn"]
[EventRounds "11"]
[EventCountry "HUN"]
[SourceTitle "EXT 2016"]
[Source "ChessBase"]
[SourceDate "2015.10.08"]
[SourceVersion "1"]
[SourceVersionDate "2015.10.08"]
[SourceQuality "1"]
[WhiteTeam "Budapest Honved"]
[BlackTeam "Dunaharaszti II"]
[WhiteTeamCountry "HUN"]
[BlackTeamCountry "HUN"]

1. e4 Nf6 2. d3 d5 3. Nd2 e5 4. Be2 Bc5 5. c3 a5 6. a4 Nc6 7. Ngf3 Bg4 8. Qb3 Bb6 9. 0-0 0-0 10. Re1 Bh5 11. exd5 Qxd5 12. Qxd5 Nxd5 13. Nc4 Rfe8 14. Ng5 Bxe2 15. Rxe2 Rad8 16. Nf3 f6 17. Bd2 Bc5 18. Rae1 Kf7 19. Rf1 Nb6 20. Nxb6 Bxb6 21. Ne1 Re6 22. g3 Nb8 23. Re4 Nd7 24. Rc4 Nc5 25. Be3 Nxd3 26. Bxb6 Rxb6 27. Rxc7+ Kf8 28. Nxd3 Rxd3 29. Rb1 Rb3 30. Rc5 b6 31. Rb5 Rxb5 32. axb5 Ke7 33. Kf1 Rd7 34. b4 axb4 35. Rxb4 Rd5 36. c4 Rd4 37. Ra4 Kd6 38. Ra7 Rxc4 39. Rxg7 h5 40. Rf7 Kc5 41. Rxf6 Kxb5 42. Rf5 Rc5 43. Rxh5 Kc4 44. f4 e4 45. Rxc5+ Kxc5 46. h4 b5 47. h5 b4 48. h6 b3 49. h7 b2 50. h8Q b1Q+ 51. Kg2 Qc2+ 52. Kh3 Kc4 53. Qc8+ Kd3 54. Qxc2+ Kxc2 55. f5 e3 56. f6 e2 57. f7 e1Q 58. f8Q Qh1+ 59. Kg4 Qe4+ 60. Kg5 Qe3+ 61. Qf4 Qe7+ 62. Qf6 Qe3+ 63. Kh4 Qe4+ 64. Kh5 Qh7+ 65. Kg5 Kd2 66. g4 Ke3 67. Qe5+ Kd2 68. Qd6+ Ke3 69. Qe6+ Kd2 70. Kf4 Qc7+ 71. Qe5 Qc4+ 72. Qe4 Qc7+ 73. Qe5 Qc4+ 74. Kg3 Qd3+ 75. Kg2 Qd7 76. Qf4+ Kc3 77. g5 Kd3 78. Kg3 Qe6 79. Qf3+ Kd4 80. Qg4+ Ke5 81. Kh4 Qg6 82. Qe2+ Kf4 83. Qf2+ Ke5 84. Qe3+ Kd5 85. Kg4 Qc2 86. Qf3+ Kd6 87. Qf6+ Kc7 88. Qf7+ Kd8 89. Kh5 Qh2+ 90. Kg6 Qh4 91. Qg8+ 1-0

[Event "HUN-chT2 Erkel 1314"]
[Site "Hungary"]
[Date "2014.02.16"]
[Round "7.6"]
[White "Repasi, Zoltan"]
[Black "Bodrogi, Mihaly"]
[Result "0-1"]
[WhiteElo "2163"]
[BlackElo "2082"]
[PlyCount "110"]
[EventDate "2013.09.08"]
[EventType "team-tourn"]
[EventRounds "11"]
[EventCountry "HUN"]
[SourceTitle "EXT 2016"]
[Source "ChessBase"]
[SourceDate "2015.10.08"]
[SourceVersion "1"]
[SourceVersionDate "2015.10.08"]
[SourceQuality "1"]
[WhiteTeam "Dunaharaszti II"]
[BlackTeam "Budapest EAC II"]
[WhiteTeamCountry "HUN"]
[BlackTeamCountry "HUN"]

1. e4 c5 2. Nf3 Nc6 3. d4 cxd4 4. Nxd4 g6 5. Nxc6 bxc6 6. Qd4 Nf6 7. e5 Nd5 8. e6 f6 9. exd7+ Qxd7 10. Nc3 e5 11. Qa4 Rb8 12. a3 Be7 13. Be2 0-0 14. Bf3 Rd8 15. 0-0 f5 16. Qa5 e4 17. Be2 Qc7 18. Qxc7 Nxc7 19. Bf4 Rb7 20. Bc4+ Nd5 21. Be5 Be6 22. Rad1 Rbd7 23. b4 Kf7 24. Nxd5 Bxd5 25. Ba6 Bf6 26. Bxf6 Kxf6 27. a4 Be6 28. Be2 Rxd1 29. Rxd1 Rxd1+ 30. Bxd1 Ke5 31. c3 Bc4 32. g3 g5 33. Bh5 f4 34. Be8 Kd6 35. Kg2 Bb3 36. a5 Bc4 37. Kg1 a6 38. gxf4 gxf4 39. h4 c5 40. Kg2 cxb4 41. cxb4 Be2 42. Kg1 Kd5 43. Bd7 h6 44. Be8 Bd3 45. Bd7 Kd6 46. Be8 Bc4 47. Kg2 Bd5 48. Kf1 Bc6 49. Bf7 Bb5+ 50. Ke1 Ke5 51. Kd2 Kd4 52. Be6 e3+ 53. fxe3+ fxe3+ 54. Kc2 Ba4+ 55. Kc1 Kc3 0-1

[Event "Budapest Art Pub Cup 2nd"]
[Site "Budapest"]
[Date "2013.08.10"]
[Round "3"]
[White "Daroczy, Sandor"]
[Black "Repasi, Zoltan"]
[Result "0-1"]
[WhiteElo "1955"]
[BlackElo "2174"]
[PlyCount "110"]
[EventDate "2013.08.09"]
[EventType "swiss"]
[EventRounds "6"]
[EventCountry "HUN"]
[SourceTitle "CBM 156 Extra"]
[Source "ChessBase"]
[SourceDate "2013.10.22"]
[SourceVersion "1"]
[SourceVersionDate "2013.10.22"]
[SourceQuality "1"]

1. c4 e5 2. g3 Bc5 3. Bg2 Nf6 4. Nc3 Nc6 5. e3 d6 6. a3 a5 7. Nge2 Bg4 8. Qc2 Qd7 9. d3 Bh3 10. Bf3 h5 11. Bd2 h4 12. 0-0-0 Bf5 13. Ne4 Nxe4 14. Bxe4 Bxe4 15. dxe4 Qe6 16. Qb3 Nd8 17. Nc3 c6 18. Na4 b5 19. Nxc5 dxc5 20. Qc2 Nb7 21. Kb1 0-0 22. f4 exf4 23. exf4 Nd6 24. Rde1 Qxc4 25. gxh4 Rfe8 26. e5 Qxc2+ 27. Kxc2 Nf5 28. h5 Re6 29. Be3 Rh6 30. Bxc5 Re8 31. Re2 Rxh5 32. Rhe1 Re6 33. Bb6 a4 34. Bc5 Rh4 35. Rf2 Reh6 36. Ree2 Rh3 37. Rd2 Re6 38. Rde2 g6 39. Kb1 Re8 40. Rd2 Rh5 41. Rg2 Rc8 42. Rd7 Ng7 43. Rc2 Ne6 44. Be3 Rf5 45. Rd6 Nxf4 46. Bxf4 Rxf4 47. Rdxc6 Re8 48. Rc8 Kf8 49. Rxe8+ Kxe8 50. Rc5 b4 51. axb4 Rxb4 52. Rc3 Re4 53. Rc5 Ke7 54. Rc7+ Ke6 55. Ra7 Rh4 0-1

[Event "Budapest Art Pub Cup 2nd"]
[Site "Budapest"]
[Date "2013.08.10"]
[Round "4"]
[White "Repasi, Zoltan"]
[Black "Piroska, Istvan"]
[Result "1/2-1/2"]
[WhiteElo "2174"]
[BlackElo "2089"]
[PlyCount "35"]
[EventDate "2013.08.09"]
[EventType "swiss"]
[EventRounds "6"]
[EventCountry "HUN"]
[SourceTitle "CBM 156 Extra"]
[Source "ChessBase"]
[SourceDate "2013.10.22"]
[SourceVersion "1"]
[SourceVersionDate "2013.10.22"]
[SourceQuality "1"]

1. d4 d5 2. c4 e6 3. Nf3 Nf6 4. Nc3 c6 5. Bg5 Be7 6. e3 Nbd7 7. Qc2 0-0 8. Bd3 dxc4 9. Bxc4 b5 10. Bd3 Bb7 11. 0-0 h6 12. Bh4 a6 13. Rfd1 Rc8 14. Rac1 Nh5 15. Bxe7 Qxe7 16. Qe2 Nhf6 17. Ne4 c5 18. Nxc5 1/2-1/2

[Event "Budapest Art Pub Cup 2nd"]
[Site "Budapest"]
[Date "2013.08.09"]
[Round "1"]
[White "Bege, Vencel"]
[Black "Repasi, Zoltan"]
[Result "1/2-1/2"]
[WhiteElo "1737"]
[BlackElo "2174"]
[PlyCount "77"]
[EventDate "2013.08.09"]
[EventType "swiss"]
[EventRounds "6"]
[EventCountry "HUN"]
[SourceTitle "CBM 156 Extra"]
[Source "ChessBase"]
[SourceDate "2013.10.22"]
[SourceVersion "1"]
[SourceVersionDate "2013.10.22"]
[SourceQuality "1"]

1. Nf3 d6 2. d4 Bg4 3. b3 Nf6 4. Bb2 Nbd7 5. Nbd2 d5 6. g3 e6 7. Bg2 Bb4 8. 0-0 0-0 9. c4 c6 10. Qc2 Bf5 11. Qd1 h6 12. Nh4 Bh7 13. f4 Ng4 14. Rf3 Be4 15. a3 Bxf3 16. Nhxf3 Ne3 17. Qc1 Bxd2 18. Qxd2 Nxg2 19. Kxg2 Nf6 20. Qb4 Qc7 21. Nd2 a5 22. Qc3 a4 23. Re1 axb3 24. e4 Rfc8 25. e5 Nd7 26. Qxb3 b5 27. c5 g6 28. g4 Kg7 29. f5 exf5 30. gxf5 Nf8 31. Kh1 gxf5 32. Qh3 Qd7 33. Nf3 Ng6 34. Rg1 Rh8 35. Nh4 Rag8 36. Nxf5+ Kf8 37. Rf1 Rh7 38. Bc1 Rgh8 39. Qh5 1/2-1/2

[Event "HUN-chT2 Erkel 1213"]
[Site "Hungary"]
[Date "2012.12.02"]
[Round "5.4"]
[White "Keschitz, Gyorgy"]
[Black "Repasi, Zoltan"]
[Result "1/2-1/2"]
[WhiteElo "2214"]
[BlackElo "2174"]
[PlyCount "120"]
[EventDate "2012.09.16"]
[EventType "team-tourn"]
[EventRounds "11"]
[EventCountry "HUN"]
[SourceTitle "EXT 2014"]
[Source "ChessBase"]
[SourceDate "2013.11.20"]
[SourceVersion "1"]
[SourceVersionDate "2013.11.20"]
[SourceQuality "1"]
[WhiteTeam "BEAC II"]
[BlackTeam "Dunaharaszti"]
[WhiteTeamCountry "HUN"]
[BlackTeamCountry "HUN"]

1. Nf3 Nf6 2. g3 d5 3. Bg2 g6 4. d3 Bg7 5. 0-0 c5 6. c3 Nc6 7. a4 e5 8. Na3 0-0 9. e4 dxe4 10. dxe4 Qxd1 11. Rxd1 Be6 12. Nd2 Rfd8 13. Re1 Rd7 14. Ndc4 b6 15. Bg5 h6 16. Bxf6 Bxf6 17. Ne3 Ne7 18. a5 Rb8 19. axb6 axb6 20. Bf1 Bg5 21. Bb5 Rdd8 22. Nec4 Bf6 23. Rad1 Rxd1 24. Rxd1 Nc8 25. Bd7 Bxc4 26. Nxc4 b5 27. Na5 Ne7 28. Rd6 Kg7 29. Ra6 b4 30. c4 Bg5 31. Nb3 Rb7 32. Ba4 Rc7 33. Ra5 Nc8 34. Rxc5 Rxc5 35. Nxc5 Nd6 36. Bb5 Be7 37. Nd3 Nxe4 38. Nxe5 Bf6 39. Nd3 Bd4 40. Kf1 Nc5 41. Nxb4 Bxb2 42. Ke2 f5 43. f4 g5 44. Nd5 Bc1 45. h4 gxh4 46. gxh4 Ne6 47. Kf3 Nd4+ 48. Kf2 Ne6 49. Kg3 Ba3 50. Be8 Nc5 51. Kf3 Ne4 52. Ke3 Nd6 53. Bb5 Bc5+ 54. Kd3 Kg6 55. Nc7 Kh5 56. Ne6 Ba7 57. Bc6 Kxh4 58. c5 Nc8 59. Bb7 Ne7 60. c6 Nxc6 1/2-1/2

[Event "HUN-chT2 Erkel 1213"]
[Site "Hungary"]
[Date "2012.11.18"]
[Round "4.6"]
[White "Repasi, Zoltan"]
[Black "D Albini, Geza"]
[Result "1-0"]
[WhiteElo "2174"]
[BlackElo "2043"]
[PlyCount "73"]
[EventDate "2012.09.16"]
[EventType "team-tourn"]
[EventRounds "11"]
[EventCountry "HUN"]
[SourceTitle "EXT 2014"]
[Source "ChessBase"]
[SourceDate "2013.11.20"]
[SourceVersion "1"]
[SourceVersionDate "2013.11.20"]
[SourceQuality "1"]
[WhiteTeam "Dunaharaszti"]
[BlackTeam "Vizugy"]
[WhiteTeamCountry "HUN"]
[BlackTeamCountry "HUN"]

1. e4 d5 2. exd5 Qxd5 3. Nc3 Qd8 4. Bc4 Nf6 5. Nf3 Bg4 6. Bxf7+ Kxf7 7. Ne5+ Ke8 8. Nxg4 Nc6 9. 0-0 Nxg4 10. Qxg4 Nd4 11. Qh5+ g6 12. Qe5 Rg8 13. Qe4 c6 14. b3 Qd7 15. Ba3 Kf7 16. Rae1 Rd8 17. Ne2 Nb5 18. Bc1 Bg7 19. a4 Nd6 20. Qf3+ Qf5 21. Qe3 Rge8 22. d3 b6 23. Ng3 Qd7 24. Re2 c5 25. Rfe1 Nf5 26. Nxf5 Qxf5 27. Qg3 Bc3 28. Bd2 Bf6 29. Re4 Kg8 30. R1e3 Qd5 31. h4 Qh5 32. Rf3 Rd4 33. Rxd4 Bxd4 34. Bg5 Bf6 35. Qf4 h6 36. g4 hxg5 37. Qc4+ 1-0

[Event "HUN-chT2 Erkel 1112"]
[Site "Hungary"]
[Date "2012.04.22"]
[Round "9.3"]
[White "Repasi, Zoltan"]
[Black "Cuibus, Janos"]
[Result "1-0"]
[WhiteElo "2192"]
[BlackElo "2022"]
[PlyCount "141"]
[EventDate "2011.09.25"]
[EventType "team-tourn"]
[EventRounds "11"]
[EventCountry "HUN"]
[SourceTitle "EXT 2013"]
[Source "ChessBase"]
[SourceDate "2012.11.22"]
[SourceVersion "1"]
[SourceVersionDate "2012.11.22"]
[SourceQuality "1"]
[WhiteTeam "Dunaharaszti"]
[BlackTeam "MAFC"]
[WhiteTeamCountry "HUN"]
[BlackTeamCountry "HUN"]

1. d4 f5 2. Bg5 Nf6 3. Bxf6 exf6 4. e3 d5 5. Bd3 Be6 6. Qf3 Qd7 7. Ne2 Nc6 8. a3 0-0-0 9. Nf4 Bf7 10. h4 Kb8 11. h5 Bd6 12. Nc3 Ne7 13. Nb5 g5 14. Nxd6 Qxd6 15. Ne2 Be6 16. b4 Qd7 17. Ng3 Rde8 18. Qd1 Ng8 19. Qd2 Nh6 20. 0-0-0 Nf7 21. c3 Nd6 22. Qc2 Ne4 23. Nf1 h6 24. f3 Nd6 25. Nd2 Bf7 26. Rde1 Re7 27. c4 dxc4 28. Nxc4 Bxc4 29. Bxc4 Rhe8 30. Kd2 Qc6 31. Bd3 Qxc2+ 32. Kxc2 Rxe3 33. Rxe3 Rxe3 34. Kd2 f4 35. Rc1 b6 36. a4 f5 37. Rf1 Re7 38. a5 Kb7 39. Ra1 b5 40. Rc1 g4 41. Rc5 gxf3 42. gxf3 Re3 43. Bxb5 Rb3 44. Bc6+ Ka6 45. Bd7 Rxb4 46. Kc3 Rb1 47. Bxf5 Nxf5 48. Rxf5 Rb5 49. Rf6+ Kxa5 50. Rxh6 Rg5 51. Kd3 Kb5 52. Rh8 a5 53. h6 Rh5 54. Ke4 Kc6 55. Kxf4 a4 56. Ra8 Kd7 57. Rxa4 Rxh6 58. Kg5 Rh1 59. f4 Ke6 60. Ra6+ Ke7 61. Kf5 Rd1 62. Ra4 Rd2 63. Rc4 Kd6 64. Kf6 Rd1 65. f5 Rf1 66. Kg6 Rg1+ 67. Kf7 Rf1 68. f6 Rf4 69. Kg7 Rg4+ 70. Kf8 c5 71. dxc5+ 1-0

[Event "HUN-chT2 Erkel 1112"]
[Site "Hungary"]
[Date "2012.03.12"]
[Round "7.4"]
[White "Repasi, Zoltan"]
[Black "Demjen, Attila"]
[Result "1-0"]
[WhiteElo "2192"]
[BlackElo "2021"]
[PlyCount "57"]
[EventDate "2011.09.25"]
[EventType "team-tourn"]
[EventRounds "11"]
[EventCountry "HUN"]
[SourceTitle "EXT 2013"]
[Source "ChessBase"]
[SourceDate "2012.11.22"]
[SourceVersion "1"]
[SourceVersionDate "2012.11.22"]
[SourceQuality "1"]
[WhiteTeam "Dunaharaszti"]
[BlackTeam "Honved II"]
[WhiteTeamCountry "HUN"]
[BlackTeamCountry "HUN"]

1. d4 d5 2. c4 dxc4 3. Nf3 Nf6 4. Nc3 e6 5. e4 Be7 6. Bxc4 a6 7. a4 0-0 8. 0-0 b6 9. Qe2 Bb7 10. Rd1 Nbd7 11. Bf4 c6 12. Bb3 b5 13. d5 exd5 14. exd5 Bb4 15. dxc6 Bxc6 16. Ne5 Qc8 17. Nxc6 Qxc6 18. axb5 axb5 19. Rxa8 Rxa8 20. Nxb5 Re8 21. Qd3 Nf8 22. Nd4 Qe4 23. Qxe4 Rxe4 24. Bg5 Re1+ 25. Rxe1 Bxe1 26. Nc6 Ne6 27. Bxe6 fxe6 28. Bxf6 gxf6 29. b4 1-0

[Event "HUN-chT2 Maroczy 1112"]
[Site "Hungary"]
[Date "2012.02.19"]
[Round "6"]
[White "Repasi, Zoltan"]
[Black "Fuad Kamel Jamaliah, Natalie"]
[Result "1/2-1/2"]
[WhiteElo "2173"]
[BlackElo "1942"]
[PlyCount "59"]
[EventDate "2011.09.25"]
[EventType "team-tourn"]
[EventRounds "11"]
[EventCountry "HUN"]
[SourceTitle "EXT 2013"]
[Source "ChessBase"]
[SourceDate "2012.11.22"]
[SourceVersion "1"]
[SourceVersionDate "2012.11.22"]
[SourceQuality "1"]
[WhiteTeam "Dunaharaszti"]
[BlackTeam "Lila Futo"]
[WhiteTeamCountry "HUN"]
[BlackTeamCountry "HUN"]

1. d4 d5 2. c4 e6 3. Nc3 c6 4. Nf3 Nf6 5. Bg5 Be7 6. e3 0-0 7. Qc2 Nbd7 8. Bd3 h6 9. Bh4 dxc4 10. Bxc4 Nd5 11. Bxe7 Qxe7 12. 0-0 Nxc3 13. Qxc3 c5 14. Rfd1 b6 15. d5 exd5 16. Bxd5 Rb8 17. Rd2 Nf6 18. Qe5 Qxe5 19. Nxe5 Nxd5 20. Rxd5 Be6 21. Rd6 Rfd8 22. Rxe6 fxe6 23. Nc6 Rbc8 24. Ne7+ Kf7 25. Nxc8 Rxc8 26. Rd1 Ke7 27. Kf1 b5 28. Ke2 Rc6 29. Rc1 a5 30. a3 1/2-1/2

[Event "HUN-chT2 Erkel 1112"]
[Site "Hungary"]
[Date "2011.10.30"]
[Round "2.3"]
[White "Repasi, Zoltan"]
[Black "Torok, Adam"]
[Result "1/2-1/2"]
[WhiteElo "2192"]
[BlackElo "2143"]
[PlyCount "114"]
[EventDate "2011.09.25"]
[EventType "team-tourn"]
[EventRounds "11"]
[EventCountry "HUN"]
[SourceTitle "EXT 2013"]
[Source "ChessBase"]
[SourceDate "2012.11.22"]
[SourceVersion "1"]
[SourceVersionDate "2012.11.22"]
[SourceQuality "1"]
[WhiteTeam "Dunaharaszti"]
[BlackTeam "Vizugy"]
[WhiteTeamCountry "HUN"]
[BlackTeamCountry "HUN"]

1. d4 d5 2. c4 e6 3. Nf3 Nf6 4. Nc3 Bb4 5. Bg5 0-0 6. e3 Nbd7 7. Qc2 c5 8. cxd5 exd5 9. Bd3 Qa5 10. 0-0 Bxc3 11. bxc3 Re8 12. Nd2 c4 13. Be2 Ne4 14. Nxe4 dxe4 15. Bh4 Nb6 16. Rab1 Be6 17. Rfc1 Bd5 18. Rb4 f5 19. Bg3 Rac8 20. Rcb1 Be6 21. Rc1 h6 22. h4 Kh7 23. Be5 Nd7 24. Bf4 Nb6 25. g3 Re7 26. Bd6 Rd7 27. Be5 Rd5 28. Bf4 Rb5 29. Rxb5 Qxb5 30. Be5 Nd7 31. Rb1 Qc6 32. Bf4 b5 33. Qb2 a6 34. Qa3 Nf6 35. Qa5 Nd5 36. Be5 Bd7 37. Qa3 Ra8 38. Qb2 a5 39. a3 Ra7 40. Kh2 Rb7 41. Qc1 Be6 42. Bf1 Kg6 43. Bg2 b4 44. cxb4 axb4 45. axb4 Rxb4 46. Ra1 c3 47. f3 exf3 48. Bxf3 Rb2+ 49. Kg1 Qb7 50. e4 fxe4 51. Bxe4+ Kf7 52. Ra3 Rb3 53. Ra5 Kg8 54. Rc5 Rb5 55. Rxb5 Qxb5 56. Bxd5 Qxd5 57. Qxc3 Bh3 1/2-1/2

[Event "HUN-chT2 Erkel 1011"]
[Site "Hungary"]
[Date "2011.05.01"]
[Round "10.2"]
[White "Toth, Bela"]
[Black "Repasi, Zoltan"]
[Result "1-0"]
[WhiteElo "2358"]
[BlackElo "2215"]
[PlyCount "87"]
[EventDate "2010.09.12"]
[EventType "team-tourn"]
[EventRounds "11"]
[EventCountry "HUN"]
[SourceTitle "EXT 2012"]
[Source "ChessBase"]
[SourceDate "2011.11.24"]
[SourceVersion "1"]
[SourceVersionDate "2011.11.24"]
[SourceQuality "1"]
[WhiteTeam "Foti"]
[BlackTeam "Dunaharaszti II"]
[WhiteTeamCountry "HUN"]
[BlackTeamCountry "HUN"]

1. d4 d5 2. c4 e6 3. Nc3 c6 4. Nf3 dxc4 5. a4 Bb4 6. e3 b5 7. Bd2 a5 8. axb5 Bxc3 9. Bxc3 cxb5 10. b3 Bb7 11. bxc4 b4 12. Bb2 Nf6 13. Bd3 Nbd7 14. 0-0 0-0 15. Qc2 Qc7 16. e4 Nh5 17. Rfe1 Nf4 18. Bf1 Ng6 19. Re3 f6 20. c5 e5 21. Rc1 Nb8 22. d5 Kh8 23. Nd2 a4 24. c6 Bc8 25. Qc5 a3 26. Ba1 Na6 27. Bxa6 Bxa6 28. d6 Qc8 29. d7 Qc7 30. Qxb4 Nf4 31. Qxa3 Ne2+ 32. Rxe2 Bxe2 33. Qc5 Rfd8 34. Bb2 Ra2 35. Bc3 h6 36. Bb4 Rxd7 37. cxd7 Qxd7 38. Nf1 Ra8 39. Ne3 Qd3 40. Qd5 Ra4 41. Bf8 Rd4 42. Qf7 Rd7 43. Bxg7+ Kh7 44. Qxf6 1-0

[Event "HUN-chT2 Erkel 1011"]
[Site "Hungary"]
[Date "2011.04.17"]
[Round "9.2"]
[White "Repasi, Zoltan"]
[Black "Fordan, Tibor"]
[Result "0-1"]
[WhiteElo "2215"]
[BlackElo "2211"]
[PlyCount "66"]
[EventDate "2010.09.12"]
[EventType "team-tourn"]
[EventRounds "11"]
[EventCountry "HUN"]
[SourceTitle "EXT 2012"]
[Source "ChessBase"]
[SourceDate "2011.11.24"]
[SourceVersion "1"]
[SourceVersionDate "2011.11.24"]
[SourceQuality "1"]
[WhiteTeam "Dunaharaszti II"]
[BlackTeam "Barcza"]
[WhiteTeamCountry "HUN"]
[BlackTeamCountry "HUN"]

1. d4 d5 2. c4 e6 3. Nc3 c5 4. cxd5 exd5 5. Nf3 Nc6 6. g3 Nf6 7. Bg2 Be7 8. 0-0 0-0 9. Bf4 a6 10. dxc5 Bxc5 11. e3 Re8 12. Bg5 Be6 13. Rc1 Ba7 14. Ne2 h6 15. Bxf6 Qxf6 16. Nfd4 Bg4 17. Nxc6 bxc6 18. Qd2 Rab8 19. b3 a5 20. Nc3 Rb4 21. Na4 Qd6 22. Nb2 h5 23. Rc4 h4 24. Rxb4 axb4 25. Nd3 hxg3 26. hxg3 Qh6 27. Nxb4 d4 28. Nxc6 dxe3 29. Qb4 exf2+ 30. Rxf2 Bxf2+ 31. Kxf2 Re2+ 32. Kg1 Qc1+ 33. Kh2 Qxc6 0-1

[Event "HUN-chT2 Erkel 1011"]
[Site "Hungary"]
[Date "2010.11.21"]
[Round "6.1"]
[White "Repasi, Zoltan"]
[Black "Blasko, Istvan"]
[Result "1/2-1/2"]
[WhiteElo "2215"]
[BlackElo "2403"]
[PlyCount "86"]
[EventDate "2010.09.12"]
[EventType "team-tourn"]
[EventRounds "11"]
[EventCountry "HUN"]
[SourceTitle "EXT 2012"]
[Source "ChessBase"]
[SourceDate "2011.11.24"]
[SourceVersion "1"]
[SourceVersionDate "2011.11.24"]
[SourceQuality "1"]
[WhiteTeam "Dunaharaszti II"]
[BlackTeam "Matra"]
[WhiteTeamCountry "HUN"]
[BlackTeamCountry "HUN"]

1. d4 Nf6 2. c4 g6 3. Nc3 d5 4. Nf3 Bg7 5. Bg5 Ne4 6. Bh4 Nxc3 7. bxc3 c6 8. e3 0-0 9. Qb3 b6 10. Be2 Bb7 11. cxd5 cxd5 12. 0-0 Nc6 13. Rac1 Qd6 14. Bg3 Qe6 15. Nd2 Na5 16. Qb4 Rfc8 17. Rfe1 Bf8 18. Bd3 Nc4 19. Nxc4 dxc4 20. Be2 Bd5 21. e4 Bb7 22. f3 Qc6 23. Qb2 e6 24. Rb1 Be7 25. f4 Qd7 26. Bf3 Bf8 27. Bf2 Rab8 28. Be3 Bd6 29. h4 h5 30. Qe2 Qc7 31. e5 Be7 32. Red1 Rd8 33. Bf2 Kg7 34. g3 Bxf3 35. Qxf3 Qb7 36. Qxb7 Rxb7 37. a4 Rd5 38. Rb5 a6 39. Rxd5 exd5 40. Rb1 f5 41. Kf1 Kf7 42. Ke2 Ke6 43. Kd1 a5 1/2-1/2

[Event "HUN-chT2 Erkel 1011"]
[Site "Hungary"]
[Date "2010.09.12"]
[Round "1.1"]
[White "Repasi, Zoltan"]
[Black "Simonyi, Zoltan"]
[Result "0-1"]
[WhiteElo "2215"]
[BlackElo "2208"]
[PlyCount "62"]
[EventDate "2010.09.12"]
[EventType "team-tourn"]
[EventRounds "11"]
[EventCountry "HUN"]
[SourceTitle "EXT 2012"]
[Source "ChessBase"]
[SourceDate "2011.11.24"]
[SourceVersion "1"]
[SourceVersionDate "2011.11.24"]
[SourceQuality "1"]
[WhiteTeam "Dunaharaszti II"]
[BlackTeam "Ujszasz"]
[WhiteTeamCountry "HUN"]
[BlackTeamCountry "HUN"]

1. d4 d6 2. Nf3 Bg4 3. Bf4 Nd7 4. Nbd2 c5 5. c3 Ngf6 6. h3 Bh5 7. Qb3 Qb6 8. e3 Rc8 9. Be2 a6 10. dxc5 Rxc5 11. Qxb6 Nxb6 12. Nb3 Rc7 13. Nfd2 Na4 14. Bxh5 Nxh5 15. Rb1 Nxf4 16. exf4 g6 17. 0-0 Bh6 18. g3 Kd7 19. Nf3 Rb8 20. Rfe1 b5 21. Re2 e6 22. Nbd2 Ke7 23. Ne4 b4 24. cxb4 Rxb4 25. Neg5 Bg7 26. b3 Nc3 27. Rc2 h6 28. Nh7 Rb8 29. g4 Rh8 30. Nhg5 hxg5 31. Nxg5 Rhc8 0-1

[Event "HUN-chT2 Erkel 0910"]
[Site "Hungary"]
[Date "2009.11.08"]
[Round "1.2"]
[White "Repasi, Zoltan"]
[Black "Nogrady, Vilmos"]
[Result "1-0"]
[WhiteElo "2227"]
[BlackElo "2231"]
[PlyCount "61"]
[EventDate "2009.11.08"]
[EventType "team-tourn"]
[EventRounds "11"]
[EventCountry "HUN"]
[SourceTitle "EXT 2011"]
[Source "ChessBase"]
[SourceDate "2010.11.26"]
[SourceVersion "1"]
[SourceVersionDate "2010.11.26"]
[SourceQuality "1"]
[WhiteTeam "Dunaharaszti"]
[BlackTeam "Foti"]
[WhiteTeamCountry "HUN"]
[BlackTeamCountry "HUN"]

1. d4 Nf6 2. c4 g6 3. Nc3 d5 4. Nf3 Bg7 5. Bg5 Ne4 6. Bh4 Nxc3 7. bxc3 c5 8. cxd5 Qxd5 9. e3 cxd4 10. cxd4 Bg4 11. Be2 Qa5+ 12. Qd2 Nc6 13. Qxa5 Nxa5 14. Rc1 f6 15. Rc5 b6 16. Rc7 Be6 17. Bb5+ Kf8 18. 0-0 g5 19. Bg3 h5 20. h4 g4 21. Nd2 Bxa2 22. Ra1 Be6 23. e4 Bh6 24. Nf1 Rd8 25. d5 Bc8 26. Rxa7 e5 27. dxe6 Bxe6 28. Bc7 Rc8 29. Bxb6 Nb3 30. Rd1 Rb8 31. Rd6 1-0

[Event "HUN-chT2 Maroczy 0809"]
[Site "Hungary"]
[Date "2009.04.05"]
[Round "10"]
[White "Mullner, Imre"]
[Black "Repasi, Zoltan"]
[Result "1/2-1/2"]
[WhiteElo "2237"]
[BlackElo "2186"]
[PlyCount "101"]
[EventDate "2008.10.26"]
[EventType "team-tourn"]
[EventRounds "11"]
[EventCountry "HUN"]
[SourceTitle "EXT 2010"]
[Source "ChessBase"]
[SourceDate "2010.11.25"]
[SourceVersion "1"]
[SourceVersionDate "2010.11.25"]
[SourceQuality "1"]
[WhiteTeam "MLTC II"]
[BlackTeam "Dunaharaszti"]
[WhiteTeamCountry "HUN"]
[BlackTeamCountry "HUN"]

1. e4 Nf6 2. d3 d5 3. e5 Nfd7 4. d4 c5 5. c3 Nc6 6. Nf3 e6 7. Be2 Be7 8. Na3 a6 9. Nc2 b5 10. 0-0 Bb7 11. Nfe1 Qb6 12. Be3 cxd4 13. cxd4 f6 14. f4 f5 15. Nd3 b4 16. g4 g6 17. Bf3 0-0 18. gxf5 gxf5 19. Bh5 Kh8 20. Kh1 Na7 21. Qd2 a5 22. Rg1 Rg8 23. Bf7 Rgf8 24. Bh5 Rg8 25. Nce1 Rxg1+ 26. Bxg1 Rg8 27. Be3 Ba6 28. Rc1 Bc4 29. b3 Bxd3 30. Qxd3 Nb5 31. Bf7 Rb8 32. Nf3 Nc3 33. a4 Rf8 34. Bh5 Rg8 35. Rc2 Nf8 36. Qf1 Qb7 37. Bf7 Rg7 38. Be8 Ng6 39. Bb5 Nh4 40. Nxh4 Bxh4 41. Ba6 Qf7 42. Rg2 Rxg2 43. Qxg2 Qh5 44. Qf1 Qd1 45. Qxd1 Nxd1 46. Bg1 Kg7 47. Kg2 Nc3 48. Kf3 Be1 49. Be3 h6 50. Bc8 Kf7 51. Ba6 1/2-1/2